Minecraft Potions - Sudden Death - Statistics

General Stats
  • This quiz has been taken 10,976 times
    7,273 since last reset
  • The average score is 5 of 15
Answers on the Grid
Answers color-coded by a green-red scale on the quiz's grid according to % correct below.
Airspeed
Breathing
Dolphin's Grace
Efficiency
Glowing
Greeness
Hunger
Long Vision
Nausea
Return
Saturation
Shifting
Speed
Sweeping Edge
Tortoise Master
Awkward
Fire Resistance
Harming
Healing
Invisibility
Leaping
Mundane
Night Vision
Poison
Regeneration
Slowness
Strength
Swiftness
Water Breathing
Weakness
 
Answer Stats
Answer % Correct
Invisibility
42%
Strength
41%
Fire Resistance
40%
Night Vision
40%
Poison
39%
Water Breathing
39%
Weakness
39%
Regeneration
38%
Swiftness
38%
Slowness
36%
Harming
33%
Healing
33%
Leaping
29%
Awkward
26%
Mundane
20%
No matching quizzes found
Score Distribution
Percent of People with Each Score
Percentile by Number Answered
Your Score History
You have not taken this quiz since the last reset